Ariana Grande - Chansons commençant par I - Statistiques

Statistiques générales
  • Ce quiz a été pris 31 fois
    6 depuis la dernière actualisation
  • Le résultat moyen est 4 sur 7
Statistiques - réponses
I % Correct
I Don't Care
80%
imperfect for you
80%
imagine
60%
Into You
60%
I Wish I Hated You
60%
in my head
40%
Intro (End of the World)
40%
Aucun quiz correspondant
Distribution des résultats
% des personnes avec chaque résultat
Percentile par nombre de réponses
Votre historique - résultats
Vous n’avez pas pris ce quiz depuis la dernière actualisation